Statistics for Artists By Their Best Album

Click here to take the quiz!

General Stats

  • This quiz has been taken 49 times
  • The average score is 12 of 20

Answer Stats

AlbumArtistScore/100% Correct
Abbey Road (1969)The Beatles91
100%
Thriller (1982)Michael Jackson89
96%
The Rise and Fall of Ziggy Stardust and the Spiders from Mars (1972)David Bowie92
87%
The Marshall Mathers LP (2000)Eminem85
87%
Wish You Were Here (1975)Pink Floyd92
84%
Paranoid (1970)Black Sabbath88
82%
In Utero (1993)Nirvana89
82%
A Night At The Opera (1975)Queen80
82%
OK Computer (1994)Radiohead94
80%
My Beautiful Dark Twisted Fantasy (2010)Kanye West90
60%
To Pimp A Butterfly (2015)Kendrick Lamar95
60%
Lemonade (2016)Beyonce84
56%
Plastic Beach (2010)Gorillaz87
47%
Ray of Light (1998)Madonna87
44%
If You're Reading This It's Too Late (2018)Drake79
42%
Doolittle (1989)Pixies87
38%
A Rush of Blood to the Head (2002)Coldplay81
33%
Remain in Light (1980)Talking Heads91
33%
Vespertine (2001)Björk92
18%
Mutter (2001)Rammstein82
16%

Score Distribution

Percentile by Number Answered

Percent of People with Each Score

Your Score History

You have not taken this quiz